Statystyki dla Ameryka środkowa i Karaiby Quiz

Kliknij tutaj aby rozwiązać quiz!

Ogólne statystyki

  • Ten quiz został rozwiązany 526 razy
  • Średni wynik to 10 z 14

Odpowiedzi na mapie

Odpowiedzi skodowane kolorowo w zielono-czerwonej skali na mapie do tego quizu, zgodnie z poniższymi procentami.
Ładowanie ...
 

Statystyki odpowiedzi

Odpowiedź% Poprawnych
Panama
86%
Kuba
83%
Dominikana
79%
Bahamy
78%
Haiti
77%
Jamajka
76%
Belize
72%
Gwatemala
71%
Trynidad I Tobago
71%
Kostaryka
68%
Salwador
68%
Honduras
67%
Nikaragua
63%
Puerto Rico (USA)
63%

Rozkład punktacji

Percentyl według liczby udzielonych odpowiedzi

Procent ludzi z każdym wynikiem

Twoja historia wyników

Nie rozwiązałeś tego quizu